LEADER 01625nam--2200421---450- 001 990001403990203316 005 20090825101742.0 010 $a88-387-3094-6 035 $a000140399 035 $aUSA01000140399 035 $a(ALEPH)000140399USA01 035 $a000140399 100 $a20040209d2006----km-y0enga50------ba 101 $aita 102 $aIT 105 $a||||||||001yy 200 1 $a<> tecnico dell'ente locale$emanuale per la preparazione ai concorsi e l'aggiornamento professionale dei tecnici di Comuni, Province, Regioni e Comunità montane$fErmete Dalprato, Roberto Maria Brioli 205 $a8. ed. aggiornata con: D.Lgs. n.163/2006 (codice dei contratti pubblici), Legge n.15/2005 (modifiche legge 241/90), Legge n. 80/2005 (competitività), Legge n. 62/2005 (comunitaria 2004) 210 $aSantarcangelo di Romagna$cMaggioli$d2006 215 $a588 p.$d24 cm 225 2 $aConcorsi pubblici$v19 410 0$12001$aConcorsi pubblici$v19 606 0 $aEdilizia$xLegislazione$xManuali 606 0 $aUrbanistica$xLegislazione$xManuali 676 $a344.45045 700 1$aDALPRATO,$bErmete$0343022 701 1$aBRIOLI,$bRoberto Maria$0541860 801 0$aIT$bsalbc$gISBD 912 $a990001403990203316 951 $aXXI.6. 135 (IG IV 1766 (B))$b51216 G.$cXXI.6. 135 (IG IV)$d00126791 959 $aBK 969 $aGIU 979 $aMARIA$b10$c20040209$lUSA01$h1212 979 $aPATRY$b90$c20040406$lUSA01$h1739 979 $aRENATO$b90$c20060706$lUSA01$h1226 979 $aRSIAV5$b90$c20090825$lUSA01$h1017 996 $aTecnico dell'ente locale$9881907 997 $aUNISA LEADER 04284nam 2200817 450 001 9910787076103321 005 20230803204650.0 010 $a3-11-037363-7 010 $a3-11-036930-3 024 7 $a10.1515/9783110369304 035 $a(CKB)3710000000229356 035 $a(EBL)1778498 035 $a(SSID)ssj0001332973 035 $a(PQKBManifestationID)11729323 035 $a(PQKBTitleCode)TC0001332973 035 $a(PQKBWorkID)11396107 035 $a(PQKB)11605603 035 $a(MiAaPQ)EBC1778498 035 $a(DE-B1597)426440 035 $a(OCoLC)1002254281 035 $a(OCoLC)1004874330 035 $a(OCoLC)1011461643 035 $a(OCoLC)1013942086 035 $a(OCoLC)1029814986 035 $a(OCoLC)1032685252 035 $a(OCoLC)1037982049 035 $a(OCoLC)1042009280 035 $a(OCoLC)1046622683 035 $a(OCoLC)1047017351 035 $a(OCoLC)1049623208 035 $a(OCoLC)1054881192 035 $a(OCoLC)893955801 035 $a(OCoLC)999360457 035 $a(DE-B1597)9783110369304 035 $a(Au-PeEL)EBL1778498 035 $a(CaPaEBR)ebr11014026 035 $a(CaONFJC)MIL783384 035 $a(OCoLC)890090380 035 $a(EXLCZ)993710000000229356 100 $a20150217h20142014 uy 0 101 0 $ager 135 $aur|n|---||||| 181 $ctxt 182 $cc 183 $acr 200 10$aGrundzu?ge der Morphologie des Deutschen /$fHilke Elsen 205 $a2., aktualisierte Auflage. 210 1$aBerlin, [Germany] ;$aBoston, [Massachusetts] :$cDe Gruyter,$d2014. 210 4$d©2014 215 $a1 online resource (350 p.) 225 0 $aDe Gruyter Studium 300 $aDescription based upon print version of record. 311 $a3-11-035893-X 320 $aIncludes bibliographical references and index. 327 $tFrontmatter --$tVorwort --$tVorwort zur zweiten Auflage --$tInhalt --$tTabellenübersicht --$tSchreibkonventionen --$tAbkürzungen --$tZeichenerklärung --$tEinleitung --$tEinführung --$t1. Einführung I --$t2. Einführung II --$tNOMEN --$t3. Nomen - Flexion --$t4. Nomen - Wortbildung I --$t5. Nomen - Wortbildung II --$t6. Nomen - Wortbildung III --$tADJEKTIV --$t7. Adjektiv - Flexion --$t8. Adjektiv - Wortbildung I --$t9. Adjektiv - Wortbildung II --$t10. Verb - Flexion --$t11. Verb - Wortbildung I --$t12. Verb - Wortbildung II --$tADVERB UND ARTIKEL --$t13. Adverb und Artikel --$tANDERE WORTARTEN --$t14. Andere Wortarten --$tLösungsvorschläge --$tGlossar --$tLiteratur --$tSachregister 330 $aDieses Lehrbuch zu Flexion und Wortbildung des Deutschen orientiert sich gezielt an den Studiengängen Bachelor und Master mit jeweils getrennten Kapiteln für Anfänger und Fortgeschrittene. Der Stoff ist in Module strukturiert, die den Band zusammen mit dem Glossar außerdem zu einem Nachschlagewerk zur Prüfungsvorbereitung machen.Das Buch stellt die etablierte Fachterminologie vor und behandelt morphologische Einheiten, formelle und semantische Strukturen und Verfahren der Analyse mit seltenen und unproduktiven Wortbildungsarten. Dabei findet auch die Fremdwortbildung Berücksichtigung sowie diachrone Entwicklungen und die Wortbildung der Präpositionen, Konjunktionen und Pronomen. Anhand von zahlreichen Beispielen werden die systematischen syntaktischen, semantischen, morphologischen und phonologischen Zusammenhänge deutlich, die im Verlaufe der Sprachentwicklung und beim Gebrauch der Wörter zum aktuellen Stand der Wortstrukturen führten. Problemorientierte Diskussionen, Musterlösungen, Übungsaufgaben sowie Literaturhinweise zur Vertiefung unterstützen ein selbständiges Bearbeiten des Stoffes.Das erfolgreiche Einführungswerk liegt nun in einer aktualisierten Neuauflage vor. 410 3$aDe Gruyter Studium 606 $aGerman language$xMorphology$xStudy and teaching 610 $aInflection. 610 $aMorphology. 610 $aWord Formation. 615 0$aGerman language$xMorphology$xStudy and teaching. 676 $a435 700 $aElsen$b Hilke$0477086 801 0$bMiAaPQ 801 1$bMiAaPQ 801 2$bMiAaPQ 906 $aBOOK 912 $a9910787076103321 996 $aGrundzüge der Morphologie des Deutschen$9841191 997 $aUNINA